Văn hoá dân gian miền đất võ : Tỉnh Bình Định /

Đất võ trời văn,nghi lễ bầu đá,chỉ thêu nên gấm, tư duy Bình Định,số phận một anh hùng dân gian, sứ mệnh văn hóa của sông nước vùng kinh thành xưa Bình Định.

Đã lưu trong:
Chi tiết về thư mục
Tác giả chính: Nguyễn Thanh Mừng
Định dạng: Sách
Ngôn ngữ:Vietnamese
Được phát hành: Hà Nội : Sân Khấu, 2017.
Những chủ đề:
Các nhãn: Thêm thẻ
Không có thẻ, Là người đầu tiên thẻ bản ghi này!
Thư viện lưu trữ: Mạng thư viện Đại học Đà Nẵng
LEADER 01671aam a22003618a 4500
001 000015982
003 12370
005 20181025155729.0
008 120607s2017 viesd
020 |a 9786045900505 
041 0 |a vie 
082 1 4 |2 14  |a 398.20959754  |b NG-M 
100 1 |a Nguyễn Thanh Mừng 
245 1 0 |a Văn hoá dân gian miền đất võ :  |b Tỉnh Bình Định /  |c Nguyễn Thanh Mừng. 
260 |a Hà Nội :  |b Sân Khấu,  |c 2017. 
300 |a 125tr. ;  |c 21cm. 
500 |a ĐTTS ghi: Hội Văn nghệ dân gian Việt Nam 
520 |a Đất võ trời văn,nghi lễ bầu đá,chỉ thêu nên gấm, tư duy Bình Định,số phận một anh hùng dân gian, sứ mệnh văn hóa của sông nước vùng kinh thành xưa Bình Định. 
650 7 |2 Bộ TK TVQG  |a Văn hoá dân gian 
651 7 |2 Bộ TK TVQG  |a Bình Định 
700 1 |a Nguyễn Thanh Mừng 
OWN |a LSP 
AVA |a UDN50  |b LSP  |d 390.0959742 PH-H  |e available  |t Error 5001 Not defined in file expand_doc_bib_avail.  |f 1  |g 0  |h N  |i 0  |k 1 
AVA |a UDN50  |b LSP  |c References  |d 398.20959754 NG-M  |e available  |t Error 5001 Not defined in file expand_doc_bib_avail.  |f 1  |g 0  |h N  |i 0  |j TK  |k 1 
999 |a From the UDN01 
AVA |a UDN50  |b LSP  |d 390.0959742 PH-H  |e available  |t Error 5001 Not defined in file expand_doc_bib_avail.  |f 1  |g 0  |h N  |i 0  |k 1 
AVA |a UDN50  |b LSP  |c References  |d 398.20959754 NG-M  |e available  |t Error 5001 Not defined in file expand_doc_bib_avail.  |f 1  |g 0  |h N  |i 0  |j TK  |k 1 
TYP |a Monograph 
TYP |a Printed language 
980 |a Mạng thư viện Đại học Đà Nẵng